Electric power principles (Record no. 241104)

MARC details
000 -LEADER
fixed length control field 00700nam a22002297a 4500
005 - DATE AND TIME OF LATEST TRANSACTION
control field 20260401151709.0
008 - FIXED-LENGTH DATA ELEMENTS--GENERAL INFORMATION
fixed length control field 260401b |||||||| |||| 00| 0 eng d
020 ## - INTERNATIONAL STANDARD BOOK NUMBER
International Standard Book Number 9788126537723
040 ## - CATALOGING SOURCE
Transcribing agency AL
041 ## - LANGUAGE CODE
Language code of text/sound track or separate title English
082 ## - DEWEY DECIMAL CLASSIFICATION NUMBER
Classification number 621.312
Item number KITE
100 ## - MAIN ENTRY--PERSONAL NAME
Personal name James L Kirtley
100 ## - MAIN ENTRY--PERSONAL NAME
9 (RLIN) 260009
245 ## - TITLE STATEMENT
Title Electric power principles
Remainder of title : Sources conversion distribution and use
260 ## - PUBLICATION, DISTRIBUTION, ETC.
Place of publication, distribution, etc. New Delhi
Name of publisher, distributor, etc. Wiley India Pvt Ltd
Date of publication, distribution, etc. 2010
300 ## - PHYSICAL DESCRIPTION
Extent 391 p.
Other physical details PB
Dimensions 23x18 cm.
365 ## - TRADE PRICE
Price type code VBI-2645
Price amount ₹821.25
Currency code
Unit of pricing ₹1095.00
Price note 25%
Price effective from 20-02-2026
650 ## - SUBJECT ADDED ENTRY--TOPICAL TERM
Topical term or geographic name entry element Electric
9 (RLIN) 260010
650 ## - SUBJECT ADDED ENTRY--TOPICAL TERM
Topical term or geographic name entry element AC Voltage
9 (RLIN) 260011
650 ## - SUBJECT ADDED ENTRY--TOPICAL TERM
Topical term or geographic name entry element Transmission lines
9 (RLIN) 260012
650 ## - SUBJECT ADDED ENTRY--TOPICAL TERM
Topical term or geographic name entry element Transformers
9 (RLIN) 260013
942 ## - ADDED ENTRY ELEMENTS (KOHA)
Source of classification or shelving scheme Dewey Decimal Classification
Koha item type Book
Holdings
Withdrawn status Lost status Source of classification or shelving scheme Damaged status Not for loan Collection code Home library Current library Date acquired Source of acquisition Cost, normal purchase price Total Checkouts Full call number Barcode Date last seen Cost, replacement price Price effective from Koha item type
    Dewey Decimal Classification     Electronics and Communication Engineering St Aloysius Engineering Library St Aloysius Engineering Library 03/24/2026 Vidyathri Books, Bengaluru-560076 821.25   621.312 KITE SE000373 04/01/2026 1095.00 02/20/2026 Book